000 00489nam a2200157Ia 4500
003 GCL
008 140319s9999 xx 000 0 ara d
040 _aGCL /
_cGCL
082 0 4 _a153.153
_bم ك
100 1 _aمورجان , كليفورد
245 1 0 _aكيف تذاكر وتزيد تحصيلك والاسس العلمية للاستذكار /
_cمورجان , كليفورد
700 1 _aديز، جون
700 1 _aاحمد محمد العيسوى
300 _a181 ص
490 _a
999 _c48254
_d48254